[Event "GER-chT Betriebe 18th"]
[Site "Altenberg Zinnwald"]
[Date "2018.11.09"]
[Round "4.4"]
[White "Bussler, Juergen"]
[Black "Frahm, Werner"]
[Result "1-0"]
[WhiteElo "1909"]
[BlackElo "1547"]
[PlyCount "57"]
[EventDate "2018.11.08"]
[EventType "team-swiss"]
[EventRounds "7"]
[EventCountry "GER"]
[SourceTitle "EXT 2020"]
[Source "ChessBase"]
[SourceDate "2019.10.17"]
[SourceVersion "1"]
[SourceVersionDate "2019.10.17"]
[SourceQuality "1"]
[WhiteTeam "Altenberg Europark"]
[BlackTeam "Berlin Tempelhof II"]
[WhiteTeamCountry "GER"]
[BlackTeamCountry "GER"]

1. e4 e5 2. Nf3 Nc6 3. Nc3 Nf6 4. Bc4 h6 5. 0-0 d6 6. h3 Bd7 7. d4 exd4 8. Nxd4 Ne5 9. Bb3 Rc8 10. a3 c5 11. Nf3 Nxf3+ 12. Qxf3 c4 13. Ba4 Bxa4 14. Nxa4 Be7 15. Rd1 Qa5 16. Nc3 0-0 17. Nd5 Bd8 18. Bd2 Qa4 19. Rac1 Re8 20. Re1 Qd7 21. Bc3 Nxd5 22. exd5 Bb6 23. Re4 f5 24. Re2 Bc5 25. Rce1 Rxe2 26. Rxe2 Qf7 27. Re6 Rf8 28. Qe2 b5 29. Re7 1-0

[Event "GER-chT Betriebe 17th"]
[Site "Berlin"]
[Date "2017.11.04"]
[Round "6.2"]
[White "Hoffeins, Hans Werner"]
[Black "Frahm, Werner"]
[Result "1/2-1/2"]
[WhiteElo "1512"]
[BlackElo "1527"]
[PlyCount "82"]
[EventDate "2017.11.02"]
[EventType "team-swiss"]
[EventRounds "7"]
[EventCountry "GER"]
[SourceTitle "EXT 2020"]
[Source "ChessBase"]
[SourceDate "2019.10.17"]
[SourceVersion "1"]
[SourceVersionDate "2019.10.17"]
[SourceQuality "1"]
[WhiteTeam "Hamburg Baubehoerde II"]
[BlackTeam "Berlin Tempelhof IV"]
[WhiteTeamCountry "GER"]
[BlackTeamCountry "GER"]

1. Nf3 g6 2. d3 Bg7 3. e4 d6 4. Be2 Nc6 5. c3 Nf6 6. 0-0 0-0 7. Nbd2 e5 8. a4 a5 9. Nc4 Be6 10. Na3 Qe7 11. Ng5 Bd7 12. f4 h6 13. Nf3 exf4 14. Bxf4 Rae8 15. Nd2 Na7 16. Bf3 Nc6 17. Nb5 Bc8 18. Re1 Ne5 19. Bxe5 dxe5 20. Nc4 Rd8 21. Qe2 Ne8 22. Nxa5 c6 23. Nxb7 Bxb7 24. Na3 Ba6 25. Red1 Nc7 26. b4 Qd6 27. Nc4 Qe7 28. Qc2 Ne6 29. g3 Qa7+ 30. Qf2 Qc7 31. Qb6 Qxb6+ 32. Nxb6 Rxd3 33. Rxd3 Bxd3 34. a5 Ba6 35. Rd1 Rd8 36. Rxd8+ Nxd8 37. Kf2 Bf8 38. Be2 c5 39. Bxa6 cxb4 40. cxb4 Bxb4 41. Nc4 Nc6 1/2-1/2

[Event "GER-chT Betriebe 16th"]
[Site "Dresden"]
[Date "2016.11.06"]
[Round "7.3"]
[White "Schroeder, Kai Uwe"]
[Black "Frahm, Werner"]
[Result "1/2-1/2"]
[WhiteElo "1858"]
[BlackElo "1568"]
[PlyCount "57"]
[EventDate "2016.11.03"]
[EventType "team-swiss"]
[EventRounds "7"]
[EventCountry "GER"]
[SourceTitle "EXT 2020"]
[Source "ChessBase"]
[SourceDate "2019.10.17"]
[SourceVersion "1"]
[SourceVersionDate "2019.10.17"]
[SourceQuality "1"]
[WhiteTeam "Hamburg Transit II"]
[BlackTeam "Berlin Tempelhof III"]
[WhiteTeamCountry "GER"]
[BlackTeamCountry "GER"]

1. e4 c5 2. Nf3 Nc6 3. Nc3 d6 4. g3 g6 5. Bg2 Bg7 6. 0-0 Bg4 7. h3 Bd7 8. d3 Rb8 9. Be3 b5 10. Qd2 Nd4 11. Kh2 Qc8 12. Ng1 b4 13. Nd1 h5 14. c3 bxc3 15. bxc3 Ne6 16. Nf3 Nh6 17. Ng5 Nxg5 18. Bxg5 f6 19. Be3 g5 20. f4 Nf7 21. Qf2 g4 22. h4 Rb6 23. Rc1 Qa6 24. Nb2 0-0 25. Nc4 Ba4 26. Qd2 Rb5 27. Na3 Ra5 28. Nc4 Rb5 29. Na3 1/2-1/2

[Event "GER-chT Betriebe 16th"]
[Site "Dresden"]
[Date "2016.11.03"]
[Round "1.3"]
[White "Kaliski, Achim"]
[Black "Frahm, Werner"]
[Result "1-0"]
[WhiteElo "1976"]
[BlackElo "1568"]
[PlyCount "61"]
[EventDate "2016.11.03"]
[EventType "team-swiss"]
[EventRounds "7"]
[EventCountry "GER"]
[SourceTitle "EXT 2020"]
[Source "ChessBase"]
[SourceDate "2019.10.17"]
[SourceVersion "1"]
[SourceVersionDate "2019.10.17"]
[SourceQuality "1"]
[WhiteTeam "Hamburg Baubehoerde"]
[BlackTeam "Berlin Tempelhof III"]
[WhiteTeamCountry "GER"]
[BlackTeamCountry "GER"]

1. e4 e5 2. Nc3 Nc6 3. Bc4 a6 4. a3 Bc5 5. d3 d6 6. Be3 Bxe3 7. fxe3 Qg5 8. Qf3 Qf6 9. Nd5 Qxf3 10. Nxf3 Kd7 11. 0-0 f6 12. d4 Nge7 13. dxe5 Nxd5 14. e6+ Ke7 15. exd5 Nd8 16. Nh4 g6 17. Bd3 Rg8 18. Rf2 Bxe6 19. dxe6 Nxe6 20. Raf1 Raf8 21. Nf3 c5 22. c4 f5 23. e4 f4 24. e5 h6 25. Be4 b6 26. exd6+ Kxd6 27. Rd1+ Ke7 28. Bd5 Rf5 29. Re2 Rd8 30. Rde1 Rd6 31. Nd2 1-0

[Event "GER-chT Betriebe 15th"]
[Site "Munich"]
[Date "2015.10.24"]
[Round "5.2"]
[White "Frahm, Werner"]
[Black "Norris, Ray"]
[Result "1-0"]
[WhiteElo "1570"]
[BlackElo "1725"]
[PlyCount "61"]
[EventDate "2015.10.22"]
[EventType "team-swiss"]
[EventRounds "7"]
[EventCountry "GER"]
[SourceTitle "EXT 2020"]
[Source "ChessBase"]
[SourceDate "2019.10.17"]
[SourceVersion "1"]
[SourceVersionDate "2019.10.17"]
[SourceQuality "1"]
[WhiteTeam "Berlin Tempelhof II"]
[BlackTeam "Berlin Telestern"]
[WhiteTeamCountry "GER"]
[BlackTeamCountry "GER"]

1. b3 e5 2. Bb2 Nc6 3. e4 Nf6 4. d3 Bc5 5. h3 0-0 6. Nf3 Re8 7. Nbd2 d6 8. Be2 h6 9. a3 a6 10. Rc1 b5 11. b4 Bb6 12. c4 Bb7 13. 0-0 Qe7 14. Nb3 bxc4 15. Rxc4 d5 16. exd5 Nxd5 17. Nc5 Bxc5 18. bxc5 Rad8 19. Re1 Qe6 20. Bf1 f6 21. Qb1 Qc8 22. d4 exd4 23. Rxe8+ Rxe8 24. Nxd4 Ne5 25. Rc1 c6 26. Bc4 Nxc4 27. Rxc4 Qc7 28. Nf5 Qa5 29. Bc3 Nxc3 30. Qxb7 Ne2+ 31. Kh2 1-0